000 00709nam a2200265Ia 4500
003 OSt
005 20221006160138.0
006 a|||||r|||| 00| 0
007 ta
008 221006b |||||||| |||| 00| 0 eng d
020 _a9780930878375
_c
_33.20
024 _a44,427
037 _bGift, KCC (Window on Korea)
_cTextual
040 _aEASL
_cEASL
_beng
041 _2eng
_aeng
082 _aM31.495, M5
100 _aNoh Chin-hwa
245 0 _aPractical Korean cooking
260 _aSeoul
_bHollym
_c1985
300 _a208p.
_ccm.
490 _v KEL
650 _aKEL
942 _hM31.495, M5
_cTEXL
_2CC
999 _c1112519
_d1112519